Klastre v kontexte zvyšovania konkurencieschopnosti podnikov diplomová práca

Salvato in:
Dettagli Bibliografici
Autore principale: Vraňuch, Samuel
Ente Autore: Podnikovohospodárska fakulta EU so sídlom v Košiciach. Katedra manažmentu
Altri autori: Dugas, Jaroslav, 1967-
Natura: Libro
Lingua:slovacco
Pubblicazione: Košice 2015
Tags: Aggiungi Tag
Nessun Tag, puoi essere il primo ad aggiungerne!!

MARC

LEADER 00000nbm a2200000 4500
001 0206361
005 20161212094615.6
041 0 |a slo 
044 |a SK 
245 1 0 |a Klastre v kontexte zvyšovania konkurencieschopnosti podnikov  |b diplomová práca  |c Samuel Vraňuch ; školiteľ: Jaroslav Dugas 
264 1 |a Košice  |c 2015 
300 |a 82 s. 
100 1 |a Vraňuch, Samuel 
700 1 |a Dugas, Jaroslav, 1967- 
710 2 |a Podnikovohospodárska fakulta EU so sídlom v Košiciach. Katedra manažmentu